000 00668nam a2200289Ia 4500
005 20260324122815.0
008 008 260324s9999 xx 000 0 eng d
020 _a9780203721247
037 _aEBOOK
040 _aCRL
040 _beng
040 _cCRL
041 _2eng
041 _aeng
084 _qCRL
100 _aTjeu van den Berk
_91167892
245 0 _aJung on Art
245 4 _bThe Autonomy of the Creative Drive
260 _bTaylor and Francis
260 _c2012
365 _a
365 _b180
856 _uhttp://www.taylorfrancis.com/books/9780203721247
942 _cEBOOK
999 _c1760904
_d1760904